000 00868nam a22002417a 4500
999 _c315984
_d315984
001 29592
003 UA-OsUOA
005 20200126212859.0
007 ta
008 20041013b un ||||| |||| 00| 0 ukr d
020 _a5-330-01296-1
040 _aUA-OsUOA
_bukr
_cUA-OsUOA
_dUA-OsUOA
041 _aukr
044 _aUA
080 _a82.09
090 _a82.09
_bШ37
245 _aТарас Шевченко: життя і творчість у документах, фотографіях, ілюстраціях
_bальбом
_cупоряд. В. Х. Косян, Г. П. Паламарчук, О. І. Поляничко, К. В. Чумак
260 _aКиїв
_bРадянська школа
_c1991
300 _a336 с.
_bІлюстрації
650 7 _a82 Література. Літературознавство
_2UDC
942 _cBK
_2udc
955 _a0